header

Master presenter (Record no. 28059)

MARC details
000 -LEADER
fixed length control field 01287nam a2200301 a 4500
082 04 - DEWEY DECIMAL CLASSIFICATION NUMBER
Classification number 658.4/51
245 00 - TITLE STATEMENT
Title Master presenter
260 ## - PUBLICATION, DISTRIBUTION, ETC. (IMPRINT)
Place of publication San Francisco, Calif. :
Name of publisher Wiley,
Year of publication c2013.
300 ## - PHYSICAL DESCRIPTION
Number of Pages 1 online resource (xvi, 286 p.) :
Other physical details ill. (some col.), graphs.
500 ## - GENERAL NOTE
General note Includes index.
650 #0 - SUBJECT ADDED ENTRY--TOPICAL TERM
Topical Term Business presentations.
700 1# - ADDED ENTRY--PERSONAL NAME
Personal name Zielinski, David.
856 40 - ELECTRONIC LOCATION AND ACCESS
Uniform Resource Identifier http://site.ebrary.com/lib/rucke/Doc?id=10718849
588 ## -
-- Description based on online resource; title from title page (ebrary, viewed June 17, 2013).

No items available.

© 2026 Rongo University
Contact us: librarian | system librarian | Rongo university